The anatomy of the 1960s office blocks (Record no. 6946)

MARC details
000 -LEADER
fixed length control field 00951cab a2200205 4500
001 - CONTROL NUMBER
control field ABS38480
008 - FIXED-LENGTH DATA ELEMENTS--GENERAL INFORMATION
fixed length control field 090401t1987 xxu||||| |||| 00| 0 eng d
035 ## - SYSTEM CONTROL NUMBER
System control number (Sirsi) u10909
041 ## - LANGUAGE CODE
Language code of text/sound track or separate title eng
100 ## - MAIN ENTRY--PERSONAL NAME
Personal name Rose, J.
245 #4 - TITLE STATEMENT
Title The anatomy of the 1960s office blocks
260 ## - PUBLICATION, DISTRIBUTION, ETC.
Date of publication, distribution, etc. 1987
350 ## - PRICE (NR) (BK AM CF MU VM SE) [OBSOLETE]
Price 0
490 ## - SERIES STATEMENT
Series statement Land Development Studies
Volume/sequential designation (4) May 1987, 157-163(7)
520 ## - SUMMARY, ETC.
Summary, etc. This paper is a personal analysis of the boom in office buildings which occurred in the period between 1954 and 1964. Examines the political and financial background and the financial calculations of office development at that time, with particular reference to the situation in London . The structural characteristics of the buildings are described and their viability today is considered. Finally, the author discusses how the developments were financed.
650 ## - SUBJECT ADDED ENTRY--TOPICAL TERM
Topical term or geographic name entry element OFFICES
690 ## - LOCAL SUBJECT ADDED ENTRY--TOPICAL TERM (OCLC, RLIN)
Topical term or geographic name as entry element PROPERTY-COMMERCIAL PROPERTY
942 ## - ADDED ENTRY ELEMENTS (KOHA)
Suppress in OPAC 0
948 ## - LOCAL PROCESSING INFORMATION (OCLC); SERIES PART DESIGNATOR (RLIN)
c (OCLC) 04/03/1997
Holdings
Withdrawn status Lost status Source of classification or shelving scheme Damaged status Not for loan Home library Current library Shelving location Date acquired Total Checkouts Full call number Barcode Date last seen Copy number Price effective from Koha item type
    Dewey Decimal Classification     London London Journal article 14/09/1999   ABS38480 10909-1001 06/08/2019 1 06/08/2019 Journal article